000 00414nam a22001697a 4500
003 OSt
008 250221b |||||||| |||| 00| 0 eng d
020 _a81-224-0119-8
041 _aeng
082 _a519.5
_bDAS/ST
100 _aDas, MN
_97058
245 _aStatistical Methods and Concepts
250 _a2nd Reprint
260 _aNew Delhi:
_bNew Age International Ltd,
_c1996.
300 _a256p.
942 _cBK
999 _c19425
_d19425